Basic college mathematics with early integers / (Record no. 4447)

MARC details
000 -LEADER
fixed length control field 00996cam a2200325 a 4500
001 - CONTROL NUMBER
control field 16557465
003 - CONTROL NUMBER IDENTIFIER
control field 20170119165312.0
005 - DATE AND TIME OF LATEST TRANSACTION
control field 20240606080935.0
008 - FIXED-LENGTH DATA ELEMENTS--GENERAL INFORMATION
fixed length control field 101130s2012 maua 001 0 eng
010 ## - LIBRARY OF CONGRESS CONTROL NUMBER
LC control number 2010047535
020 ## - INTERNATIONAL STANDARD BOOK NUMBER
International Standard Book Number 9780321726438
020 ## - INTERNATIONAL STANDARD BOOK NUMBER
International Standard Book Number 032172643X
020 ## - INTERNATIONAL STANDARD BOOK NUMBER
International Standard Book Number 9780321738318
020 ## - INTERNATIONAL STANDARD BOOK NUMBER
International Standard Book Number 0321738314
040 ## - CATALOGING SOURCE
Original cataloging agency DLC
Transcribing agency DLC
Modifying agency DLC
042 ## - AUTHENTICATION CODE
Authentication code pcc
050 00 - LIBRARY OF CONGRESS CALL NUMBER
Classification number QA39.3
Item number .M374 2012
082 00 - DEWEY DECIMAL CLASSIFICATION NUMBER
Classification number 510
Edition information 22
100 1# - MAIN ENTRY--PERSONAL NAME
Personal name Martin-Gay, K. Elayn,
Dates associated with a name 1955-
245 10 - TITLE STATEMENT
Title Basic college mathematics with early integers /
250 ## - EDITION STATEMENT
Edition statement 2nd ed.
260 ## - PUBLICATION, DISTRIBUTION, ETC.
Place of publication, distribution, etc. Boston :
Name of publisher, distributor, etc. Prentice Hall,
Date of publication, distribution, etc. c2012.
300 ## - PHYSICAL DESCRIPTION
Extent xxii, 744, [25] p. :
Other physical details col. ill. ;
Dimensions 29 cm.
500 ## - GENERAL NOTE
General note Includes index.
650 #0 - SUBJECT ADDED ENTRY--TOPICAL TERM
Topical term or geographic name entry element Mathematics
Form subdivision Textbooks.
650 #0 - SUBJECT ADDED ENTRY--TOPICAL TERM
Topical term or geographic name entry element Numbers, Natural
Form subdivision Textbooks.
906 ## - LOCAL DATA ELEMENT F, LDF (RLIN)
a 7
b cbc
c orignew
d 1
e ecip
f 20
g y-gencatlg
942 ## - ADDED ENTRY ELEMENTS (KOHA)
Source of classification or shelving scheme Library of Congress Classification
Koha item type Books
Holdings
Withdrawn status Lost status Source of classification or shelving scheme Damaged status Not for loan Home library Current library Date acquired Total checkouts Full call number Barcode Date last seen Price effective from Koha item type
    Library of Congress Classification     Murang'a University of Technology Library Murang'a University of Technology Library 19/01/2017   QA39.3 .M374 2012 004677 19/01/2017 19/01/2017 Books